000 00814nam a22002417a 4500
005 20170124105917.0
010 _aA-351763
020 _c00.00
035 _aA-351763
037 _bCen Lib/Ret
040 _aDPL
_bEN
082 _a025
_bRAN
100 _aRanganathan, S. R.
_9105155
245 _aLibrary mannual :
_cby S. R. Ranganathan
_bfor library authorities, librarians and library workers /
250 _a2nd ed.
260 _aBangalore
_bSarada Ranganathan Endowment for Library Science
_c1988
270 _bBangalore
_a432, 10th Cross, 18th Main Road, J. P. Nagar
_e560078
300 _a414p.
_c22cm(Hb)
500 _aIncludes bibliographical references and index
650 _aLibrary Science
_9105156
650 _aLaws-Library science
_9105157
942 _2ddc
_cEN
_h025
_mRAN
999 _c122896
_d122896